书目信息 |
| 题名: |
没有秘密的斯芬克斯
|
|
| 作者: | 王尔德 , Oscar Wilde 著 ;鲍勒 , 罗伯茨 , 周晶 改写 | |
| 分册: | ||
| 出版信息: | 北京 外语教学与研究出版社 2010.06 |
|
| 页数: | 91页 | |
| 开本: | 21cm | |
| 丛书名: | ||
| 单 册: | ||
| 中图分类: | G634.413 | |
| 科图分类: | ||
| 主题词: | 英语课--中学--课外读物 | |
| 电子资源: | ||
| ISBN: | 978-7-5600-9688-9 | |
| 000 | 01520nam0 2200325 450 | |
| 001 | 134833 | |
| 005 | 20110712093511.39 | |
| 010 | @a978-7-5600-9688-9@dCNY14.90 (含光盘) | |
| 016 | @aCN-A16-10-0093-0@b光盘 | |
| 100 | @a20110420d2010 em y0chiy50 ea | |
| 101 | 2 | @achi@aeng@ceng |
| 102 | @aCN@b110000 | |
| 105 | @aa z 000yy | |
| 106 | @ar | |
| 200 | 1 | @a没有秘密的斯芬克斯@dThe Sphinx without a sercret@f(爱尔兰)Oscar Wilde著@F(ai er lan)Oscar Wilde zhu@g(英)Bill Bowler改写@g(英)David Roberts插图@g周晶译@zeng@Amei you mi mi de si fen ke si |
| 210 | @a北京@c外语教学与研究出版社@d2010.06 | |
| 215 | @a91页@c彩图@d21cm@e光盘2片 | |
| 300 | @a书虫·牛津英汉双语读物 3级 适合初三、高一年级 | |
| 330 | @a奥斯卡·王尔德 奥斯卡·王尔德1854年生于爱尔兰都柏林,曾在都柏林大学和牛津大学学习希腊语和拉丁语。除了著有大量给成年人看的短篇小说和给孩子看的童话故事,他还写了小说《道林·格雷的画像》(1891)。他还为剧院写了多部非常受欢迎的喜剧,其中包括《不可儿戏》(1895),不过他最为知名的或许还是他对于人和生活的诸多机智幽默的评语。1900年,他在巴黎去世,享年46岁。 | |
| 510 | 1 | @aSphinx without a sercret@zeng |
| 586 | @a | |
| 606 | 0 | @a英语课@x中学@j课外读物 |
| 690 | @aG634.413@v5 | |
| 701 | 1 | @c(英)@a王尔德@c(Wilde, Oscar@f1854~1900)@4著@Awang er de |
| 701 | 0 | @aOscar Wilde@4著 |
| 702 | 0 | @c(英)@a鲍勒@c(Bowler, Bill)@4改写@Abao le |
| 702 | 0 | @c(英)@a罗伯茨@c(Roberts, David)@4插图@Aluo bo ci |
| 702 | 0 | @a周晶@c(英文翻译)@4译@Azhou jing |
| 801 | 0 | @aCN@c20110610 |
| 905 | @dG634.413@eW160@f3 | |
| 没有秘密的斯芬克斯=The Sphinx without a sercret/(爱尔兰)Oscar Wilde著/(英)Bill Bowler改写/(英)David Roberts插图/周晶译.-北京:外语教学与研究出版社,2010.06 |
| 91页:彩图;21cm+光盘2片 |
| 书虫·牛津英汉双语读物 3级 适合初三、高一年级 |
| ISBN 978-7-5600-9688-9:CNY14.90 (含光盘) |
| 奥斯卡·王尔德 奥斯卡·王尔德1854年生于爱尔兰都柏林,曾在都柏林大学和牛津大学学习希腊语和拉丁语。除了著有大量给成年人看的短篇小说和给孩子看的童话故事,他还写了小说《道林·格雷的画像》(1891)。他还为剧院写了多部非常受欢迎的喜剧,其中包括《不可儿戏》(1895),不过他最为知名的或许还是他对于人和生活的诸多机智幽默的评语。1900年,他在巴黎去世,享年46岁。 |
| ● |
| 相关链接 |
|
|
|
正题名:没有秘密的斯芬克斯
索取号:G634.413/W160
 
预约/预借
| 序号 | 登录号 | 条形码 | 馆藏地/架位号 | 状态 | 备注 |
| 1 | 882611 | 208826118 | 社科库409/409社科库 8排3列5层/ [索取号:G634.413/W160] | 在馆 | |
| 2 | 882612 | 208826127 | 社科库409/409社科库 8排3列5层/ [索取号:G634.413/W160] | 在馆 | |
| 3 | 882613 | 208826136 | 社科库409/409社科库 8排3列5层/ [索取号:G634.413/W160] | 在馆 |